| 000 | 00664cas a22002295a 4500 | ||
|---|---|---|---|
| 001 | L277 | ||
| 008 | 070702d1998xxkbr p 0 a0eng | ||
| 022 | 1 | _a0018-6651 | |
| 035 | _a(Sirsi) u98906 | ||
| 041 | 0 | _aeng | |
| 110 | 2 |
_aHousing Centre Trust _92258 |
|
| 245 | _aHousing Review | ||
| 260 |
_aLondon _bHousing Centre Trust _c[19-?]- |
||
| 350 | _a0 | ||
| 362 | 0 | _a37(1) January/February 1988-47(1) January/February 1998 | |
| 554 | _aSix per year | ||
| 651 | 4 |
_aUnited Kingdom _y |
|
| 690 | _aPROPERTY-RESIDENTIAL PROPERTY-DOMESTIC RESIDENTIAL PROPERTY-HOUSING | ||
| 785 | 0 | 0 |
_tHousing and Planning Review _x0018-6651 |
| 942 | _n0 | ||
| 948 | _c18/08/1994 | ||
| 999 |
_c118574 _d118574 |
||